000 01285aam a2200337 i 4500
999 _c45665
_d45665
001 768714001
003 CO-MdFUSB
005 20201016104753.0
007 ta
008 200511t1988 enka|||| |||| 00| 0 eng d
020 _a025320741X
040 _bspa.
_aCO-MdFUSB
_cCO-MdFUSB
_dCO-MdFUSBC
_erda
041 _aeng
082 _223
_a222.3206
_bB171
100 1 _aBal, Mieke
_eautor
245 1 0 _aMurder and difference :
_bgender, genre, and scholarship on Sisera's death
_c/ Mieke Bal ; traducido por Matthew Gumpert
264 1 _aBloomington, Indiana :
_b Indiana University Press,
_c[1988]
264 4 _c© 1988
300 _a150 páginas
_c; 23 cm
336 _atexto
_btxt
_2rdacontent
337 _2rdamedia
_asin mediación
_bn
338 _2rdacarrier
_avolumen
_bnc
490 _aIndiana studies in biblical literature.
505 _aHomicidio y diferencia: Sexo, género y escolaridad sobre la muerte de Sísara - El código histórico - El código teológico - El código antropológico - El código literario - El código temático - El código de género
563 _aRústico
630 7 _aBiblia.
_pJueces
_xCrítica, interpretación, etc.
700 _93624
_aGumpert, Matthew.
_etraductor
942 _cBK
945 _aJTF-925